| 000 | 00958nam a2200277 i 4500 | ||
|---|---|---|---|
| 001 | 59108 | ||
| 003 | ES-MaACL | ||
| 005 | 20230906163951.0 | ||
| 007 | t| | ||
| 008 | 031027s1972 sp ||||1| spa d | ||
| 100 | 1 |
_aEichmann, Adolf. _946812 |
|
| 245 | 1 | 0 |
_aEichmann / _cpor Eichmann ; texto recopilado por Pierre Jeffrey y Karin Königseder ; prólogo de Auner W. Less ; epílogo de Pierre Jeffrey ; [traducción de Janine Muls de Liaras y Jaime Liaras García]. |
| 250 | _a1ª ed. | ||
| 260 |
_a[Barcelona] : _bAymá, _c1972. |
||
| 300 |
_a481 p. ; _c20 cm. |
||
| 490 | 1 | _aPresencia del tiempo | |
| 600 | 1 | 4 |
_aEichmann, Adolf. _946812 |
| 700 | 1 |
_aJeffrey, Pierre. _966267 |
|
| 700 | 1 |
_aKönigseder, Karin. _968553 |
|
| 700 | 1 |
_aLess, Auner W. _971846 |
|
| 700 | 1 |
_aMuls de Liaras, Janine. _9161938 |
|
| 700 | 1 |
_aLiaras García, Jaime. _972156 |
|
| 830 | 1 |
_aPresencia del tiempo _9183374 |
|
| 852 |
_aES-MaACL _jC-43203 |
||
| 999 |
_c59108 _d59108 |
||